zpět

Detail výsledku týmu

Hospoda U Stolínů, Nový Bydžov

Datum a čas kvízu

18 Celkem bodů Celkový počet nahraných bodů na tomto kvízu bez doplňovacích otázek.
6. Pořadí na kvízu Konečné umístění týmu na tomto kvízu.

Zaznamenané odpovědi

# Otázka Odpověď Body Výsledky
1. Český prezident Miloš Zeman se... Vídeň, šilink (Schilling) 0.5
2. Fastfoodový řetězec Burger Kin... je bez pravého masa 0
3. Během návštěvy komunitního stř... Fortnite 0
4. Minulý týden bylo oznámeno, že... Prima a CNN 1
5. Apríl, nebo nechtěný omyl? Fot... Místo Slavie zval na souboj se Spartou. 1
6. V tomto tématu ověříme vaše zn... pouze jelení zvěř 1
7. Vyberte jedno psí plemeno, kte... A 0
8. Jelen bílý je zvláštní barevno... Žleby, Žehušice, Kopidlno a Janovice 0
9. Kolikaterák je tento jelen? desaterák (nerovný) 0
10. Co v myslivecké mluvě znamená... oči 1